South African Prime Ministers & Presidents - Statistics

General Stats
  • This quiz has been taken 119 times
  • The average score is 8 of 13
Answer Stats
Answer % Correct
Nelson Mandela
92%
FW de {Klerk}
91%
Pieter "PW" {Botha}
81%
Thabo M{beki}
80%
Jacob Zuma
79%
Jan S{muts}
73%
Daniel "DF" M{alan}
69%
HF "Hendrik" V{erwoerd}
55%
John V{orster}
53%
Barry H{ertzog}
41%
JG "Hans" S{trydom}
39%
Louis B{otha}
35%
Kgalema M{otlanthe}
26%
No matching quizzes found
Score Distribution
Percent of People with Each Score
Percentile by Number Answered
Your Score History
You have not taken this quiz